Bones : (Record no. 870)

MARC details
000 -LEADER
fixed length control field 00710nam a2200217 a 4500
005 - DATE AND TIME OF LATEST TRANSACTION
control field 20260322212037.0
008 - FIXED-LENGTH DATA ELEMENTS--GENERAL INFORMATION
fixed length control field data
010 ## - LIBRARY OF CONGRESS CONTROL NUMBER
LC control number 97-044751 /AC
020 ## - INTERNATIONAL STANDARD BOOK NUMBER
International Standard Book Number 0688177212
020 ## - INTERNATIONAL STANDARD BOOK NUMBER
International Standard Book Number 9780688177218
040 ## - CATALOGING SOURCE
Original cataloging agency Borders/Amazon
092 ## - LOCALLY ASSIGNED DEWEY CALL NUMBER (OCLC)
Classification number 612.75 S52 1998
001 - CONTROL NUMBER
control field data
100 1# - MAIN ENTRY--PERSONAL NAME
Personal name Simon, Seymour.
245 10 - TITLE STATEMENT
Title Bones :
Remainder of title our skeletal system
Statement of responsibility, etc. Seymour Simon.
260 ## - PUBLICATION, DISTRIBUTION, ETC.
Place of publication, distribution, etc. New York
Name of publisher, distributor, etc. Morrow Junior Books
Date of publication, distribution, etc. c1998
300 ## - PHYSICAL DESCRIPTION
Extent 1 v. (unpaged) :
Other physical details col. ill. ;
Dimensions 26 cm.
520 ## - SUMMARY, ETC.
Summary, etc. Describes the skeletal system and outlines the many important roles that bones play in the healthy functioning of the human body.
650 02 - SUBJECT ADDED ENTRY--TOPICAL TERM
Topical term or geographic name entry element Bone and Bones
Form subdivision juvenile literature
650 02 - SUBJECT ADDED ENTRY--TOPICAL TERM
Topical term or geographic name entry element Skeleton
Form subdivision juvenile literature
Holdings
Withdrawn status Lost status Damaged status Not for loan Home library Current library Shelving location Date acquired Total checkouts Full call number Barcode Date last seen Price effective from Koha item type
        Centerville Centerville General stacks 22/03/2026   GEN BC0010896 22/03/2026 22/03/2026 Books